Behaviour of the red howler monkey (<Alouatta seniculus>) in the Llanos of Venezuela (Registro nro. 10235)

Detalles MARC
000 -CABECERA
Campo de control 006750000a22002050004500
090 ## - CLASIFICACIÓN LOCAL
Colección AR
Consecutivo 01149
041 0# - IDIOMA
Código de idioma para texto/pista de sonido o título separado
100 1# - ASIENTO PRINCIPAL--NOMBRE PERSONAL
Nombre personal Braza, Francisco
245 10 - MENCION DE TITULO
Título Behaviour of the red howler monkey (<Alouatta seniculus>) in the Llanos of Venezuela
650 14 - ASIENTO SECUNDARIO DE MATERIA - TERMINO TEMATICO
Término temático o nombre geográfico como elemento de entrada Etología
650 14 - ASIENTO SECUNDARIO DE MATERIA - TERMINO TEMATICO
Término temático o nombre geográfico como elemento de entrada Ecología de poblaciones
650 14 - ASIENTO SECUNDARIO DE MATERIA - TERMINO TEMATICO
Término temático o nombre geográfico como elemento de entrada Uso del hábitat
651 #4 - ASIENTO SECUNDARIO DE MATERIA - NOMBRE GEOGRAFICO
-- Guaricó
-- Venezuela
651 #4 - ASIENTO SECUNDARIO DE MATERIA - NOMBRE GEOGRAFICO
-- Parque Nacional Natural La Macarena
-- Colombia
653 ## - TERMINO DE INDIZACION - NO CONTROLADO
-- Alouatta
-- Alouatta seniculus
-- Mono aullador
700 1# - ASIENTO SECUNDARIO - NOMBRE PERSONAL
Nombre personal Alvarez, F.
700 1# - ASIENTO SECUNDARIO - NOMBRE PERSONAL
Nombre personal Azcarate, T.
773 1# - Item fuente:
Título Preprint
Especificación de materiales 3
Paginas del Articulo 399-413
Lugar, editorial y fecha de publicación 1981
942 ## - ELEMENTOS ADICIONALES (KOHA)
Tipo de ítem Artículo
Existencias
Withdrawn status Lost status Damaged status No para préstamo Colección Ubicación Permanente Ubicación actual Fecha de adquisición Datos de publicación Seriada Total Checkouts Número topográfico Inventario / Código de Barras Date last seen Ejemplar Price effective from Forma de adquisición Tipo de material
      No para Préstamo Hemeroteca Bogotá Bogotá 27/02/2015 Fuera de circulación   AR 01149 011467 25/03/2015 1 25/03/2015   Artículo